Normal view
MARC view
Entry Personal Name
001 - CONTROL NUMBER
- control field: 74961
003 - CONTROL NUMBER IDENTIFIER
- control field: dpl
005 - DATE AND TIME OF LATEST TRANSACTION
- control field: 20241211121703.0
008 - FIXED-LENGTH DATA ELEMENTS
- fixed length control field: 241211|| aca||aabn | a|a d
040 ## - CATALOGING SOURCE
- Original cataloging agency: dpl
- Transcribing agency: dpl
100 ## - HEADING--PERSONAL NAME
- Personal name: चमोला, दिनेश "शैलेश"
670 ## - SOURCE DATA FOUND
- Source citation: Work cat.: (dpl)207569: चमोला, दिनेश "शैलेश", पापा ! जब मैं बड़ा बनूंगा /, 2023
